Bruno Rombi's environmental poetry Sardegna, an island and a metaphor /

Elmentve itt :
Bibliográfiai részletek
Szerző: Friggieri Oliver
Dokumentumtípus: Cikk
Megjelent: Université de Szeged Szeged 2010
Sorozat:Mediterrán tanulmányok 19
Kulcsszavak:Rombi Bruno, Irodalomelmélet, Olasz irodalom története - 20. sz.
Tárgyszavak:
Online Access:http://acta.bibl.u-szeged.hu/7746
LEADER 00789nab a2200205 i 4500
001 acta7746
005 20251126140737.0
008 161015s2010 hu o 000 eng d
022 |a 0238-8308 
040 |a SZTE Egyetemi Kiadványok Repozitórium  |b hun 
041 |a eng 
100 1 |a Friggieri Oliver 
245 1 0 |a Bruno Rombi's environmental poetry   |h [elektronikus dokumentum] :  |b Sardegna, an island and a metaphor /  |c  Friggieri Oliver 
260 |a Université de Szeged  |b Szeged  |c 2010 
300 |a 91-100 
490 0 |a Mediterrán tanulmányok  |v 19 
650 4 |a Bölcsészettudományok 
650 4 |a Nyelvek és irodalom 
695 |a Rombi Bruno, Irodalomelmélet, Olasz irodalom története - 20. sz. 
856 4 0 |u http://acta.bibl.u-szeged.hu/7746/1/mediterran_019_091-100.pdf  |z Dokumentum-elérés